000
00307nam a22001337a 4500
008
181010b xxu||||| |||| 00| 0 eng d
020
_a
9780077299392
041
_a
eng
080
_2
2nd
_a
330.722
100
_a
61
101
_a
KF
245
_a
Computer Accounting Essentials
_c
Yacht,C
942
_2
udc
_c
BK
999
_c
49321
_d
49321